|
|
|
|
| LEADER |
00636nta a2200181 i 4500 |
| 001 |
dipl88460 |
| 005 |
20201212091958.0 |
| 008 |
201212s1947 hu om 0|| zxx d |
| 040 |
|
|
|a SZTE Diploma Repozitórium
|b hun
|
| 041 |
|
|
|a zxx
|
| 100 |
1 |
|
|a Veress Judit
|
| 245 |
1 |
0 |
|a Gróf Mikó Imre élete és történetírói munkássága
|h [elektronikus dokumentum] /
|c Judit Veress
|
| 260 |
|
|
|c 1947
|
| 650 |
|
4 |
|a Bölcsészettudományok
|
| 650 |
|
4 |
|a History
|
| 650 |
|
4 |
|a Historiography, theory and methods of history
|
| 700 |
1 |
|
|a nincs megadva
|e ths
|
| 856 |
4 |
0 |
|u http://diploma.bibl.u-szeged.hu/id/eprint/88460/1/1947_veress_judit.pdf
|z Dokumentum-elérés
|